| 000 | 01431cam a22001934a 4500 | ||
|---|---|---|---|
| 005 | 20250605164035.0 | ||
| 008 | 250528s ||||||||||||||||||||||||d | ||
| 035 | _a16779 | ||
| 020 | _a19517805 | ||
| 040 |
_aGR-AtMCL _bgre _dGR-AtMCL _eAACR2 |
||
| 245 | 1 | _aAffective Neuroscience / The Foundations of Human and Animal Emotions | |
| 260 |
_bOxford University Press, _c1998 |
||
| 300 | _a466 | ||
| 520 | _aRepresenting a synthetic integration of vast amounts of neurobehavioral knowledge, including relevant neuroanatomy, neurophysiology, and neurochemistry, this book, integrating animal and human perspectives, is one of the most important contributions to understanding the evolution of emotions. Conceptual Background, Affective Neuroscience: History and Major Concepts, The Varieties of Emotional Systems in the Brain: Theories and Taxonomies and Semantics, Neurodynamics: The Electrical Languages, Neurodynamics: Neurochemical Maps of the Brain, Basic Emotional and Motivational Processes, Sleep and Arousal and Mythmaking in the Brain, Energy is Delight: The Pleasures and Pains of Brain Regulatory Systems, The Sources of Fear and Anxiety in the Brain, The Social Emotions, Love and Social Bond: The Sources of Nurturance and Maternal Behavior, Rough-and-Tumble Play: The Brain Sources of Joy, Notes, Author and Subject Index. | ||
| 700 | 1 |
_aPanksepp Jaak _92871 |
|
| 942 | _cBK | ||
| 999 |
_c2244 _d2244 |
||